000 00525nam a2200181Ia 4500
008 090123s9999 xx 000 0 und d
082 _b15840
_a891.463/साळोखे
100 _aसाळोखे विलास
245 _aमिथुन
250 _a1
260 _bगुरु
_ प्रकाशन
_c1983
300 _a102
600 _aसाळोखे विलास
630 _aमिथुन
700 _aसाळोखे विलास
730 _aमिथुन
942 _cBOOK
999 _c53901
_d53901